| 000 | 00588nam a22001691a 4500 | ||
|---|---|---|---|
| 001 | 10549 | ||
| 003 | OSt | ||
| 005 | 20260204212203.0 | ||
| 008 | 090610s2002||||dr ||||||b||||||||||spa|| | ||
| 050 | _aRD 865.5 R299d | ||
| 110 | _aRepública Dominicana | ||
| 245 | _aDiscurso pronunciado por el presidente Hipólito Mejía en ocasión de la conferencia Euromoney Montero Bay, Jamica abril 16 del 2002 / Presidencia de la República | ||
| 264 | _aSanto Domingo : Presidencia de la República | ||
| 300 | _a20 p | ||
| 650 | _aDiscurso en Público - Historia y CríticaÌ | ||
| 942 |
_2ddc _cBK |
||
| 999 |
_c10549 _d10549 |
||